|
|
|
|
| LEADER |
00000cam a2200000 7i4500 |
| 001 |
0000012015 |
| 005 |
20160330.0 |
| 008 |
071123 |
| 020 |
|
|
|a 9676110124
|
| 090 |
0 |
0 |
|a 808.51
|b RAH
|
| 100 |
0 |
|
|a Rahmat Ismail
|
| 245 |
1 |
0 |
|a Pidato dan berpidato :
|b seni dan teknik
|c Rahmat Ismail
|
| 260 |
|
|
|a Kuala Lumpur :
|b Utusan publications & Distributors ,
|c 2002
|
| 440 |
|
|
|a Siri motivasi dan kecemerlangan Utusan
|
| 500 |
|
|
|a Teenager ages 13-18 years old (blue)
|
| 650 |
|
0 |
|a Public speaking
|x Handbooks, manual, etc
|
| 999 |
|
|
|a 0000797530
|b Book
|c Adult Collection
|e Cawangan Segamat
|
| 999 |
|
|
|a 0000798370
|b Book
|c Adult Collection
|e Cawangan Pontian
|
| 999 |
|
|
|a 0000910735
|b Book
|c Adult Collection
|e Cawangan Bandar Tenggara
|
| 999 |
|
|
|a 0001004590
|b Book
|c Teenagers
|e Perbadanan Perpustakaan Awam Johor
|
| 999 |
|
|
|a 0001004591
|b Book
|c Teenagers
|e Perbadanan Perpustakaan Awam Johor
|
| 999 |
|
|
|a 0001004592
|b Book
|c Teenagers
|e Perbadanan Perpustakaan Awam Johor
|